000
00272nam a2200097Ia 4500
082
_a
320.968|GROO
245
0
_a
S.A. politics unspun
100
_a
Grootes, Stephen Kenilworth, South Africa, 2013
_9
65099
942
_c
BK
008
210817s9999 xx 000 0 und d
999
_c
207594
_d
207593